Central Library OPAC University of Rajshahi

Status of green financing and its impact on bank profitability in Bangladesh / (Record no. 85444)

MARC details
000 -LEADER
fixed length control field 01076nam a2200253 a 4500
001 - CONTROL NUMBER
RUCL Control Number 85444
003 - CONTROL NUMBER IDENTIFIER
rucl marc code BD-RjUL
005 - DATE AND TIME OF LATEST TRANSACTION
control field 20250804173943.0
008 - FIXED-LENGTH DATA ELEMENTS--GENERAL INFORMATION
fixed length control field 250804s2024 bg a|||| m||| 00| 0 eng d
035 ## - SYSTEM CONTROL NUMBER
system control number (BD-RjUL)85444
040 ## - CATALOGING SOURCE
Original cataloging agency BD-RjUL
Language of cataloging eng
Transcribing agency BD-RjUL
Modifying agency BD-RjUL
041 ## - LANGUAGE CODE
Language code of Book eng
082 ## - DEWEY DECIMAL CLASSIFICATION NUMBER
DDC Edition number 23
Classification number 332.1095492
Author mark and Year ALS 2024
100 ## - MAIN ENTRY--PERSONAL NAME
Personal name Alam, Md. Ashraful
9 (RLIN) 1562
245 10 - TITLE STATEMENT
Title Status of green financing and its impact on bank profitability in Bangladesh /
Statement of responsibility, etc Submitted By Md. Ashraful Alam ;
Name of Supervisor/Co-Supervisor Principal Supervisor : Syed, Zabid Hossain, Co-Supervisor : S. M. Shafiuzzaman
260 ## - PUBLICATION, DISTRIBUTION, ETC. (IMPRINT)
Place of publication, distribution, etc Rajshahi :
Name of publisher, distributor, etc Institute of Environmental Science, (IES), University of Rajshahi,
Date of publication, distribution, etc 2024
300 ## - PHYSICAL DESCRIPTION
Pagination xii, 94 leaves :
Other physical details ill, ;
Dimensions 29.cm.
502 ## - DISSERTATION NOTE
Dissertation note Thesis (M.Phil.) -- Institute of Environmental Science, (IES), University of Rajshahi, 2024
504 ## - BIBLIOGRAPHY, ETC. NOTE
Bibliography, etc References : Leaves 83 - 89
650 ## - SUBJECT ADDED ENTRY--TOPICAL TERM
Topical term or geographic name as entry element Banks
Form subdivision Green financing
Geographic subdivision Bangladesh
9 (RLIN) 16472
700 ## - ADDED ENTRY--SUPERVISOR/CO-SUPERVISOR NAME
Personal name Hossain, Syed, Zabid, Principal Supervisor
9 (RLIN) 13730
Personal name Shafiuzzaman, S. M. Co-Supervisor
9 (RLIN) 13928
942 ## - ADDED ENTRY ELEMENTS (KOHA)
Source of classification or shelving scheme Dewey Decimal Classification
Koha item type Theses
Holdings
Source of classification or shelving scheme Damaged status Not for loan Collection code Permanent Location Current Location Shelving location Date of accession Source of acquisition Total Checkouts Full call number Barcode Date last seen Copy number Thesis
Dewey Decimal Classification   Not For Loan Theses Central Library, University of Rajshahi Central Library, University of Rajshahi Documentation Section   Controller of Exan. R.U.   THE 332.1095492 ALS 2024 D5192 04/08/2025 C1 Theses